MS a life in music / (Record no. 128732)

MARC details
000 -LEADER
fixed length control field 00797nam a22002537a 4500
003 - CONTROL NUMBER IDENTIFIER
control field dpl
005 - DATE AND TIME OF LATEST TRANSACTION
control field 20180703123355.0
008 - FIXED-LENGTH DATA ELEMENTS--GENERAL INFORMATION
fixed length control field 180626b xxu||||| |||| 00| 0 eng d
010 ## - LIBRARY OF CONGRESS CONTROL NUMBER
LC control number B-127930, B-127931
020 ## - INTERNATIONAL STANDARD BOOK NUMBER
Terms of availability 495.00
International Standard Book Number 9798172235276
035 ## - SYSTEM CONTROL NUMBER
System control number B-127930,B-127934
037 ## - SOURCE OF ACQUISITION
Source of stock number/acquisition BPPD/PUB
040 ## - CATALOGING SOURCE
Original cataloging agency DPL
Language of cataloging EN
Transcribing agency 0
082 ## - DEWEY DECIMAL CLASSIFICATION NUMBER
Classification number 782.0092
Item number GEO
100 ## - MAIN ENTRY--PERSONAL NAME
Personal name George,T.J.S.
9 (RLIN) 24249
245 ## - TITLE STATEMENT
Title MS a life in music /
Statement of responsibility, etc by T.J.S.George
260 ## - PUBLICATION, DISTRIBUTION, ETC. (IMPRINT)
Place of publication, distribution, etc New Delhi
Name of publisher, distributor, etc Harper Collins Publishers
Date of publication, distribution, etc 2004
270 ## - ADDRESS
Address A-1,Hamilton House Connaught Place
City New Delhi
Postal code 110001
300 ## - PHYSICAL DESCRIPTION
Extent 303p. :
Dimensions 23cm(Hb)
Other physical details ill.
500 ## - GENERAL NOTE
General note Includes bibliographical reference and index
650 ## - SUBJECT ADDED ENTRY--TOPICAL TERM
Topical term or geographic name as entry element Singers
9 (RLIN) 141662
650 ## - SUBJECT ADDED ENTRY--TOPICAL TERM
Topical term or geographic name as entry element Women singers
9 (RLIN) 24251
942 ## - ADDED ENTRY ELEMENTS (KOHA)
Source of classification or shelving scheme Dewey Decimal Classification
Koha item type English Books
Classification part 782.0092
Call number suffix GEO
Holdings
Withdrawn status Lost status Damaged status Not for loan Home library Current library Date acquired Source of acquisition Cost, normal purchase price Total Checkouts Total Renewals Full call number Barcode Date last seen Date checked out Copy number Cost, replacement price Price effective from Koha item type Source of classification or shelving scheme Collection code
        Central Library Central Library 03/07/2015 Cen Lib/Ret 495.00 2 4 782.0092 GEO B-127930 02/11/2023 27/09/2023 1 495.00 03/07/2015 English Books    
        Patel Nagar Patel Nagar 03/07/2018 BPPD/Pub 495.00 1   782.0092 GEO B-127931 22/06/2019 08/06/2019 1 495.00 03/07/2018 English Books Dewey Decimal Classification Non-fiction
        Shahdara Branch Shahdara Branch 26/06/2018 BPPD/PUB 495.00     782.0092 GEO   26/06/2018       26/06/2018 English Books Dewey Decimal Classification Non-fiction
        Shahdara Branch Shahdara Branch 26/06/2018 BPPD/PUB   1   782.0092 GEO B-127934 12/09/2025 30/08/2025     26/06/2018 English Books Dewey Decimal Classification  

© Delhi Public Library
Hit Counter
free hit counter